| 000 | 01044cam a2200289 a 4500 | ||
|---|---|---|---|
| 001 | 12505795 | ||
| 005 | 20200421093821.0 | ||
| 008 | 010817s2001 stk b 000 1 eng | ||
| 010 | _a 2001411432 | ||
| 020 | _a0748661670 | ||
| 040 |
_aDLC _cDLC _dDLC |
||
| 050 | 0 | 0 |
_aPR6025.I833 _bS64 2001 |
| 082 | 0 | 0 |
_a823/.912 _221 |
| 100 | 1 |
_aGibbon, Lewis Grassic, _d1901-1935. _9320 |
|
| 245 | 1 | 4 |
_aThe speak of the Mearns / _cLewis Grassic Gibbon ; introduced by Ian Campbell and Jeremy Idle. |
| 260 |
_aEdinburgh, Scotland : _bPolygon, _c2001. |
||
| 300 |
_a265 p. ; _c20 cm. |
||
| 440 | 0 |
_aPolygon Lewis Grassic Gibbon series _9321 |
|
| 504 | _aIncludes bibliographical references (p. [266-267]). | ||
| 650 | 0 |
_aBoys _vFiction. _9322 |
|
| 651 | 0 |
_aKincardineshire (Scotland) _vFiction. _9323 |
|
| 655 | 7 |
_aBildungsromans. _2gsafd _9220 |
|
| 906 |
_a7 _bcbc _corignew _d3 _encip _f20 _gy-gencatlg |
||
| 942 |
_2ddc _cBK |
||
| 999 |
_c184 _d184 |
||